Albums et leur date de sortie- Rap Français- Mort subite - Statistiques

Statistiques générales
  • Ce quiz a été pris 175 fois
  • Le résultat moyen est 3 sur 10
Answers on the Grid
Answers color-coded by a green-red scale on the quiz's grid according to % correct below.
Mélo (Tiakola) - 2022
Batterie Faible (Damso)- 2016
Hiver à Paris (Dinos) - 2022
Imany (Dinos) - 2018
Split (Josman) - 2020
Dans ma paranoïa (JUL) - 2014
A7 (SCH) - 2015
1994 (Hamza) - 2017
Jefe (Ninho) - 2021
NI (Ninho) - 2023
QALF (Damso) - 2019
L'Ovni (JUL) - 2017
Autobahn (SCH) - 2023
Melvin de Paris (Jok'air) - 2022
Trinity (Laylow) - 2019
Trône (Booba) - 2016
Ocho (SDM) - 2020
Pyramide (Werenoi) - 2022
Pyramide 2 (Werenoi)- 2023
Lunatic (Booba) - 2013
 
Statistiques - réponses
Réponse % Correct
A7 (SCH) - 2015
49%
Batterie Faible (Damso)- 2016
40%
Jefe (Ninho) - 2021
37%
Mélo (Tiakola) - 2022
33%
Dans ma paranoïa (JUL) - 2014
30%
1994 (Hamza) - 2017
25%
NI (Ninho) - 2023
21%
Hiver à Paris (Dinos) - 2022
15%
Split (Josman) - 2020
13%
Imany (Dinos) - 2018
11%
Aucun quiz correspondant
Distribution des résultats
% des personnes avec chaque résultat
Percentile par nombre de réponses
Votre historique - résultats
Vous n’avez pas pris ce quiz